| 000 | 01048nam a2200241 a 4500 | ||
|---|---|---|---|
| 001 | 000034233 | ||
| 005 | 20250925082330.0 | ||
| 008 | 110928s2001 dr a 001 0 spa d | ||
| 040 |
_aDO-SdBNP _bspa _cBNPHU |
||
| 082 |
_aR 337.1 _bG643d |
||
| 100 | 1 |
_aGonzález, Roberto _954930 |
|
| 245 | 1 | 0 |
_aDirectorio de fuentes de financiamiento al desarrollo local en la República Dominicana : _binforme de investigación / _cRoberto González. |
| 260 |
_aSanto Domingo : _bConsejo Nacional de la Reforma del Estado (CONARE), _c2001. |
||
| 300 |
_a120 p. : _bil. ; _c30 cm. |
||
| 505 | 0 |
_aIntroducción -- _tSíntesis informativa -- _tFichas institucionales. |
|
| 590 | _aInventariado, 2018/LP | ||
| 650 | 4 |
_aCooperación internacional _xDirectorios _959652 |
|
| 650 | 0 |
_aCrisis económica _99159 |
|
| 650 | 4 |
_aDesarrollo de la comunidad _zRepública Dominicana _xDirectorios _959653 |
|
| 650 | 4 |
_aDesarrollo económico y social _xDirectorios _959654 |
|
| 650 | 4 |
_aMercado financiero _zRepública Dominicana _97211 |
|
| 910 | _aValidado. Control de calidad EMS | ||
| 999 |
_c33724 _d33724 |
||